Coaching Samurai (Registro nro. 13656)
[ vista simple ]
| 000 -Cabecera | |
|---|---|
| Campo de control de longitud fija | 00742nam a22003017a 4500 |
| 005 - Fecha y hora de la última transacción | |
| Campo de control | 20250828100309.0 |
| 008 - Elementos de longitud fija--Información general | |
| Campo de control de longitud fija | 240216b2012 |||||||| |||| 00| 0 spa d |
| 020 ## - International Standard Book Number | |
| Número Internacional Estándar del Libro (ISBN) | 9788415457268 |
| 041 ## - Idioma | |
| Código de idioma | Español |
| 082 ## - Clasificación Decimal Dewey | |
| Número de clasificación | 658.43 N165c |
| 100 ## - Entrada principal--Autor personal | |
| Nombre personal | Nalda, Natalia |
| 100 ## - Entrada principal--Autor personal | |
| Nombre personal | Nalda, Pablo |
| 245 ## - Título propiamente dicho | |
| Título | Coaching Samurai |
| 260 ## - Pie de imprenta | |
| Lugar de publicación, distribución, etc. | España |
| 260 ## - Pie de imprenta | |
| Nombre del editor, distribuidor, etc. | StarBook |
| 260 ## - Pie de imprenta | |
| Fecha de publicación, distribución, etc. | 2012 |
| 300 ## - Descripción física | |
| Extensión | 156 páginas |
| 490 ## - Serie | |
| Título de la Serie | Dirección y Administración de Empresas |
| 650 ## - Materia general | |
| Temática (materia general) | GERENCIA INTERMEDIA |
| 650 ## - Materia general | |
| Temática (materia general) | ADMINISTRACIÓN DE EMPRESAS |
| 650 ## - Materia general | |
| Temática (materia general) | ACTITUDES |
| 650 ## - Materia general | |
| Temática (materia general) | LIDERAZGO EMPRESARIAL |
| 650 ## - Materia general | |
| Temática (materia general) | COACHING |
| 650 ## - Materia general | |
| Temática (materia general) | CAPACITACIÓN |
| 650 ## - Materia general | |
| Temática (materia general) | NEGOCIOS |
| 650 ## - Materia general | |
| Temática (materia general) | SUPERACIÓN |
| 942 ## - Punto de acceso adicional KOHA | |
| Fuente del sistema de clasificación o colocación | Dewey Decimal Classification |
| Tipo de ítem KOHA | Libro |
| Signatura completa | Código de barras | Programa Académico | Tipo de ítem |
|---|---|---|---|
| 658.43 N165c | 25818 | Dirección y Administración de Empresas | Libro |